Sociálne bývanie ako nástroj pomoci sociálne slabých skupín obyvateľstva v podmienkach SR
Úloha štátu v rámci sociálnej politiky vytvárať ekonomické a legislatívne podmienky pre dostupnosť bývania pre nízkopríjmové a strednepríjmové skupiny obyvateľov. Charakteristika sociálneho bývania. Sociálne bývanie na Slovensku. Zdroje ekonomickej podpory. Výška dotácie na nájomné bývanie. Cieľové...
Gespeichert in:
| 1. Verfasser: | |
|---|---|
| Format: | Buchkapitel |
| Sprache: | Slowakisch |
| Schlagworte: | |
| Tags: |
Keine Tags, Fügen Sie das erste Tag hinzu!
|
MARC
| LEADER | 00000naa$a2200000$$$4500 | ||
|---|---|---|---|
| 001 | 0248077 | ||
| 005 | 20240502103547.0 | ||
| 041 | 0 | |a slo | |
| 044 | |a SK | ||
| 245 | 1 | 0 | |a Sociálne bývanie ako nástroj pomoci sociálne slabých skupín obyvateľstva v podmienkach SR |c Silvia Šipikalová |
| 520 | |a Úloha štátu v rámci sociálnej politiky vytvárať ekonomické a legislatívne podmienky pre dostupnosť bývania pre nízkopríjmové a strednepríjmové skupiny obyvateľov. Charakteristika sociálneho bývania. Sociálne bývanie na Slovensku. Zdroje ekonomickej podpory. Výška dotácie na nájomné bývanie. Cieľové skupiny. Sociálne bývanie poskytované v rámci starostlivosti. Zdroje ekonomickej podpory zariadení sociálnych služieb. | ||
| 610 | 2 | 0 | |a bývanie |
| 610 | 2 | 0 | |a byty sociálne |
| 610 | 2 | 0 | |a politika sociálna |
| 610 | 2 | 0 | |a služby sociálne |
| 610 | 2 | 0 | |a zariadenia starostlivosti sociálnej |
| 610 | 2 | 0 | |a zdroje finančné |
| 610 | 2 | 0 | |a financovanie |
| 100 | 1 | |a Šipikalová, Silvia, 1979- | |